Ασκήσεις στατιστικής

Αποθηκεύτηκε σε:
Λεπτομέρειες βιβλιογραφικής εγγραφής
Κύριος συγγραφέας: Ζαχαροπούλου, Χρυσούλα
Μορφή: Βιβλίο
Γλώσσα:Greek
Δημοσίευση: Θεσσαλονίκη : 1992
Θέματα:
Ετικέτες: Προσθήκη ετικέτας
Δεν υπάρχουν, Καταχωρήστε ετικέτα πρώτοι!

MARC

LEADER 00000nam a2200000 i 4500
001 1/102812
008 950510s1992 gre d
035 |l 10012651 
040 |a GR-MY-UA  |b gre  |e aacr 
041 0 |a gre 
082 0 |a 519.5 
100 1 |a Ζαχαροπούλου, Χρυσούλα. 
245 1 0 |a Ασκήσεις στατιστικής /  |c Χρυσούλα Ζαχαροπούλου 
260 |a Θεσσαλονίκη :   |c 1992 
300 |a 335 σ. 
650 0 0 |a Mathematical statistics  |v Problems, exercises, etc. 
852 |a INST  |b LESVOS  |e 19950510  |h 519.5 ΖΑΧ  |p 005100001109  |q 005100001109  |t BK  |y 0  |z τ.A 
852 |a INST  |b LESVOS  |e 19950510  |h 519.5 ΖΑΧ  |p 005100001109  |q 005100001109  |t BK  |v τ.A:  |y 0  |z τ.A 
853 |a INST  |b LESVOS  |h 519.5 ΖΑΧ 
909 |a Λ  |b 038541